Jehad aur aatank (Record no. 440284)

000 -LEADER
fixed length control field 00298cam a22001097a 4500
008 - FIXED-LENGTH DATA ELEMENTS--GENERAL INFORMATION
fixed length control field 180718b2002 xxu||||| |||| 00| 0 eng d
020 ## - INTERNATIONAL STANDARD BOOK NUMBER
International Standard Book Number 81 87036 72 9
100 ## - MAIN ENTRY--PERSONAL NAME
Personal name Rattu, Krishan Kumar
245 ## - TITLE STATEMENT
Title Jehad aur aatank
Statement of responsibility, etc. by Krishan Kumar Rattu
260 ## - PUBLICATION, DISTRIBUTION, ETC.
Place of publication, distribution, etc. Jaipur
Name of publisher, distributor, etc. Book Inclave
Date of publication, distribution, etc. 2002
300 ## - PHYSICAL DESCRIPTION
Extent 219p.
Holdings
Withdrawn status Lost status Damaged status Not for loan Permanent Location Current Location Date acquired Barcode Date last seen Price effective from Koha item type
        Indian Institute of Public Administration Indian Institute of Public Administration 2010-05-10 77386 2018-07-21 2018-07-21 Book

Powered by Koha